Statistics for Historical Civilizations and Empires Quiz

Click here to take the quiz!

General Stats

  • This quiz has been taken 66 times
  • The average score is 17 of 25

Answer Stats

HintAnswer% Correct
Large empire that was led by Nebuchadnezzar II. Also had the Hanging Gardens of ___Babylon
91%
South American empire whose administrative center was CuscoInca
91%
The largest continuous land empire in history, founded by Genghis KhanMongol
91%
Empire that conquered most of the Mediterranean. Western half fell in 476 ADRoman
91%
Mesoamerican empire comprised of three city states, founded in 1428. Capital city was Tenochtitlan.Aztec
89%
Also known as the Turkish empire, this polity existed between the 14th and 20th centuries.
Ottoman
89%
Civilization that thrived along the river NileEgypt
89%
African medieval empire in which one of the richest men in history, Mansa Musa, is from. A modern day African country takes its name from this empire.Mali
85%
"The sun never sets on this empire".British/ Britain
83%
Eastern half of this empire remains for another thousand years after the western half fallsByzantine
83%
Large empire founded by Alexander the GreatMacedonia
83%
Empire in whose capital was NinevehAssyria
81%
Empire that conquered the above. Notable leader is Cyrus the GreatPersian/Achaemenid
81%
Colonial empire that conquered most of Mesoamerica and South AmericaSpain/ Spanish
81%
Large empire that covered most of modern day central, southern and western Europe until its dissolution in 1806.Holy Roman Empire
70%
Civilization around modern day Pakistan that had indoor plumbing! Prominent cities are Mohenjo-Daro and Harrapa.Indus
62%
Ancient empire centered around Mesopotamia founded by SargonAkkadian/Akkad
57%
Early civilization that thrived around the Fertile Crescent, in the Near East. Comprised of city states such as Eridu, Ur, Uruk and Kish.Sumer
57%
West African empire founded by the Soninke people; a modern day African country is also named after this empire.Ghana
51%
Islamic empire that controlled much of Southeast Asia between the 16th and 19th centuriesMughal
47%
South Pacific Empire centered around the island TongatapuTonga/ Tu'i Tonga
45%
Iron age empire founded by Chandragupta Maurya that covered most of modern day IndiaMauryan
32%
East African civilization which adopted Orthodox Christianity under King EzanaAksum
19%
Pre-Columbian civilization that thrived in what is now modern day Peru, and is said to be the oldest known civilization in the Americas.Norte Chico/ Caral Supe
13%
African empire that covered what is now Niger, Nigeria, Chad, Cameroon and the Central African Republic.Kanem/Bornu
11%

Score Distribution

Percentile by Number Answered

Percent of People with Each Score

Your Score History

You have not taken this quiz